000 01016nam a2200277 a 4500
001 000015176
005 20240412074242.0
008 100202s2001 dr 001 0 spa d
020 _a1881715035
040 _aDO-SdBNP
_bspa
_cBNPHU
082 _aRD861.08
_bM385j, 2001
245 0 0 _aJuego de imágenes :
_bla nueva poesía dominicana /
_cselección y prólogo Frank Martínez ;notas críticas Néstor E. Rodríguez.
250 _a2a. ed.
260 _aSan Juan, Puerto Rico :
_bIsla Negra
_bHojarasca,
_c2001.
300 _a330 p. ;
_c22 cm.
490 1 _aFilo de Juego
500 _aIncluye datos biográficos del autor en la solapa
650 4 _aPoesía dominicana
_xHistoria y crítica
_913072
650 4 _aPoesía dominicana
_xColecciones
_9351
650 4 _aPoetas dominicanos
_xSiglo xx
_921045
650 0 _aLiteratura dominicana.
_967
700 1 _aMartínez, Frank
_esel. y pról.
_d1965-
_920617
700 1 _aRodríguez, Néstor E.,
_d1971-
_933201
830 0 _aFilo de juego
_91014
049 _aBNPD
999 _c14747
_d14747